000
00256 a2200097 4500
001
33813
100
_a
Almas M.A.
245
_a
Palestine: Aik Walwala Angez Islami Tarikhi Navil [Urdu]
260
_a
Lahore
_b
Maktabh Al Quresh
_c
2003
090
_c
22465
_d
22465
942
_a
NUST-CAE
_c
M
_c
13853
999
_c
268886
_d
268886